000 00531nam a22001937a 4500
003 CEME
005 20210628204228.0
008 210202b xxu||||| |||| 00| 0 eng d
020 _a81-203-0989-8
040 _c.
082 _a621.381 MUH
100 _aMuhammad H.Rashid
_959580
245 _aSpice for circuits and electronics using pspice
250 _a2ND
260 _aINDIA
_bPRENTICE HALL OF INDIA
_c1995
300 _aXVIII,364P
650 _aSPICE FOR CIRCUITS AND ELECTRONICS USING PSPICE
_969431
942 _cBK
_2ddc
999 _c576712
_d576712